| 000 | 00853nac a22002417a 4500 | ||
|---|---|---|---|
| 001 | BR6007216 | ||
| 003 | BR-BrBNA | ||
| 005 | 20240105113203.0 | ||
| 008 | 230509b bl.|||m| |||| 00| 0 por d | ||
| 040 |
_aBR-BrBNA _bpor _cBiblioteca Nacional de Agricultura |
||
| 072 | _aE50 | ||
| 090 | _aE50 BR6007216 | ||
| 110 | 1 |
_aConfederacao Nacional dos Trabalhadores na Agricultura, Brasilia, DF (Brasil) _92541 |
|
| 245 | 1 | _aRelatorio trienal 1971-1974 [Confederacao Nacional dos Trabalhadores na Agricultura; Brasil] | |
| 260 | 3 |
_aBrasilia, DF (Brasil): _c1974. |
|
| 300 | _a24 p. | ||
| 490 |
_aRelatorio Trienal - Confederacao Nacional dos Trabalhadores na Agricultura (Brazil) _v _x |
||
| 650 | _aTRABALHADOR RURAL | ||
| 650 | _aASSOCIACAO RURAL | ||
| 650 | _aSINDICATO | ||
| 909 |
_a202312 _bLúcia Elande _c55 _dLúcia Elande |
||
| 942 |
_2AGRIS _n0 _cMS |
||
| 999 |
_c262366 _d262366 |
||